| 000 | 00885nam a22002297a 4500 | ||
|---|---|---|---|
| 005 | 20240530110501.0 | ||
| 008 | 150704s2013 jo d g b 000 0 ara d | ||
| 017 |
_a2012/7/2835 _bالاردن . دائرة المكتبات الوطنية |
||
| 020 | _a978-9957-76-143-1 | ||
| 040 | _aEG-CaGPL | ||
| 082 | 0 | 4 |
_221 _a74448\ _bع ن |
| 100 | 0 | _aعلاء هاشم مناف | |
| 245 | 1 | 0 |
_aنظرية الاحتمال والمنهج الاستنبطانى للاستقراء/ _cعلاء هاشم مناف |
| 250 | _aط 1 . | ||
| 260 |
_aعمان : _bالرضوان للنشر والتوزيع ، _c2012 . |
||
| 300 |
_aص 120 : _bايض ؛ _c24 سم . |
||
| 504 | _aيشتمل على ارجاعات ببليوجرافية | ||
| 650 | 0 | 4 | _aالاحتمالات ( ارياضيات ) |
| 650 | 0 | 4 | _aالاستقراء |
| 942 |
_cBK _2ddc |
||
| 999 |
_c61473 _d61473 |
||